000 00767nam a2200229Ia 4500
003 GCL
008 140319s9999 xx 000 0 ara d
040 _aGCL /
_cGCL
082 0 4 _a953.0738
_bس ا
100 1 _aسميرة بن عمو
245 1 0 _aال - موت او ايديولوجيا الارهاب الفدائى /
_cسميرة بن عمو
260 _a[S.N] :
_bالمؤسسة الجامعية للدراسات والنشر والتوزيع ،
_c1992
300 _a207 ص
490 _a
650 0 4 _aالاغتيال
650 0 4 _aالجمعيات السرية
650 0 4 _aالارهاب
650 0 4 _aالجرائم السياسية
650 0 4 _aالتاريخ الاسلامى
650 0 4 _aالدولة الايوبية
942 _2ddc
_cBK
999 _c56203
_d56203